| 000 | 00590nam a2200193Ia 4500 | ||
|---|---|---|---|
| 003 | IN-BaIIA | ||
| 008 | 211028s9999 xx 000 0 eng d | ||
| 020 | _a0-12-408607-1 | ||
| 040 | _cIIA Library | ||
| 080 |
_a535.8 _bAPP-7 |
||
| 100 |
_aShannon Robert R _911629 |
||
| 245 | 0 |
_aApplied optics and opitical engineering _bvol. VII _cRobert R Shannon and James C. Wyant |
|
| 260 |
_aNew York _bAcademic Press _c1979 |
||
| 300 | _axvi, 344p. | ||
| 650 | _aOptical instruments | ||
| 650 | _aOptics | ||
| 700 |
_aWyant, James C. _911630 |
||
| 942 | _cBK | ||
| 999 |
_c6786 _d6786 |
||